Регионална библиотека "Любен Каравелов" - Русе

Юнашка вяра (Запис номер 165484)

MARC детайли
000 -Лидер
Контролно поле с фиксирана дължина nam a22 a 4500
003 - Код на организацията, давaща контролен номер
Контролно поле BLK
005 - Дата и час на последна редакция
Контролно поле 20220928091745.0
008 - Елементи от данни с фиксирана дължина
fixed length control field 180410b bul|||||r ||||||| ||bul||
010 ## - Наследен системен номер
LC control number KNG00173095000
040 ## - Източник на каталожния запис
Идентификатор на билиотеката - собственик на записа BLK
041 ## - Код за език
Код за езика на текст/звукозапис или на отделно заглавие Български
Код за езика КДБФ Български
080 ## - УДК
Текстов определител УДК Българска литература
УДК код - определител по УДК 821.163.2
УДК определител -31
УДК - код + определител 821.163.2-31
080 ## - УДК
Текстов определител УДК Период на кризата на феодализма, зараждане на капиталистически отношения. Възраждане на българския народ (II пол. на ХVIII в. - 1878 г.)
УДК код - определител по УДК 94(497.2)"1750/1878"
УДК - код + определител 94(497.2)"1750/1878"
100 1# - Редна дума - Автор
Автор Делян, Димитър
Авторска отговорност първи автор
Автор - информация (биография) Кръстев, Димитър Константинов
R(LIN) 375861
139 ## - Редно поле
Редна дума Делян, Димитър
Авторски знак Делч - Д 39
245 10 - Сведения за заглавието
Заглавие Юнашка вяра
Подзаглавни данни Роман [за Георги Бенковски]
Редно поле (дума) Димитър Делян.
257 ## - Страна на издаване
Страна на създаване/издаване България
260 ## - Област на издателските данни
Име на издателя, разпространителя и проч. Христо Г. Данов
Година на издаване 1975
Място на издаване, разпространение и проч. Пловдив
300 ## - Физическа характеристика
Страници 239 с.
Размери/Мащаб 20 см
380 ## - Жанр
Жанр Худож. лит.
600 14 - Име на лице, използвано като предмет
За него / За нея Бенковски, Георги
9 (RLIN) 278579
852 ## - Местоположение
Форматна сигнатура Цб 75522
Фондова буква Хранилище
856 4# - Електронен адрес и достъп
Електронен формат pdf - файл
856 4# - Електронен адрес и достъп
Електронен формат pdf - файл
999 ## - СИСТЕМНИ КОНТРОЛНИ НОМЕРА
Koha biblionumber 165484
Koha biblioitemnumber 165484
942 ## - АРТИКУЛИ
Вид на библиотечния материал Книги
Скрит в OPAC Не
Периодичен библиозапис Да
944 ## - СЪЗДАВАНЕ И РЕДАКЦИЯ на ЗАПИСА
Създаване/Редакция Създаване
Дата на регистрацията/редакция 17.03.2015
Служител, извършил регистрацията/редакцията Ренета_Константинова
944 ## - СЪЗДАВАНЕ И РЕДАКЦИЯ на ЗАПИСА
Създаване/Редакция Редакция
Дата на регистрацията/редакция 12.09.2017
Служител, извършил регистрацията/редакцията Пенка_Димитрова
999 ## - СИСТЕМНИ КОНТРОЛНИ НОМЕРА
Koha biblioitemnumber 165484
Наличности
Код за отписване Код за изгубен артикул Източник на класификационната схема Код за повреда Коз за рестрикции Код за отдаване Артикулен № Име на библиотеката - собственик Име на библиотеката, в която се намира в момента Статус (Текущо местоположение) Дата на вписване в системата Местоположение - отдел Цена в лева Инвентарен номер Систематично азбучна сигнатура Баркод Номер на екземпляра Цена в евро Служебна бележка Служебен тип на артикула Бележка за публиката
  Не е изгубен Universal Decimal Classification Не е повреден само за читалня ползва се в читалня 279031 Регионална библиотека "Любен Каравелов" Русе Регионална библиотека "Любен Каравелов" Русе Хранилище 1975-01-01 Хранилище 1.15 181698 Цб 75522 120000181698 1 0.59 Дост: Dp Вид: Сф N: стар фонд Дата: 01.01.1975 Книги  
Изтеглен Не е изгубен   Не е повреден без рестрикции заемане за дома 279032 Регионална библиотека "Любен Каравелов" Русе Регионална библиотека "Любен Каравелов" Русе Заемна - подръчен фонд 1975-01-01 Заемна - подръчен фонд 1.15 183589 П 886.7-31/Д 39 183589 2 0.59 Вид: Сф N: стар фонд Дата: 01.01.1975 Дата инв: 13.02.2018 Бележки инв: П2018 Книги  
Изтеглен Не е изгубен   Не е повреден без рестрикции заемане за дома 279033 Регионална библиотека "Любен Каравелов" Русе Регионална библиотека "Любен Каравелов" Русе   1975-01-01 Заемна - подръчен фонд 1.15 183591 П 886.7-31/Д 39 183591 3 0.59 Вид: Сф N: стар фонд Дата: 01.01.1975 Книги Отч.N: 29/2018 , Дата: 28.03.2018
Изтеглен Не е изгубен   Не е повреден без рестрикции заемане за дома 279034 Регионална библиотека "Любен Каравелов" Русе Регионална библиотека "Любен Каравелов" Русе   1975-01-01 Детски отдел 1.15 184251 ДХ 886.7/Д 39 184251 4 0.59 Вид: Сф N: стар фонд Дата: 01.01.1975 Дата инв: 01.09.2015 Бележки инв: Д2015 Книги Отч.N: 30/2017 , Дата: 01.09.2017
Изтеглен Не е изгубен   Не е повреден без рестрикции заемане за дома 279035 Регионална библиотека "Любен Каравелов" Русе Регионална библиотека "Любен Каравелов" Русе   1975-01-01 Детски отдел 1.15 184252 ДХ 886.7/Д 39 184252 5 0.59 Вид: Сф N: стар фонд Дата: 01.01.1975 Дата инв: 01.09.2015 Бележки инв: Д2015 Книги Отч.N: 26/2017 , Дата: 15.08.2017
Vip Innovations Ltd, Rousse, Bulgaria 2025